| 000 | 00432nam a2200181Ia 4500 | ||
|---|---|---|---|
| 999 |
_c36111 _d36111 |
||
| 003 | 0100 | ||
| 005 | 20190228141836.0 | ||
| 008 | 130303s9999 xx 000 0 und d | ||
| 040 | _cARRUPELIB | ||
| 050 | _aHQ766.3.M85 | ||
| 245 | 4 |
_aThe Pope, the pill and the people _cEdited by Brian Murtough |
|
| 260 |
_aLondon _bIPC Newspapers |
||
| 300 |
_a128p. _c 17cm. |
||
| 300 | _b | ||
| 650 |
_bContraception _xCatholic Church _944909 |
||
| 650 |
_bCatholic Church _xDoctrines _94786 |
||
| 700 |
_aBrian Murtough , Murtough, Brian ed. _944910 |
||
| 942 |
_2lcc _cMONOGRAPH |
||